000 00625nam a2200241Ia 4500
003 OSt
005 20220924121700.0
006 a|||||r|||| 00| 0
007 ta
008 220923b |||||||| |||| 00| 0 urd d
020 _c3.50
024 _a311563
037 _cTextual
040 _aARTS
_cARTS
_burd
041 _2urd
_aurd
082 _aO168,1:g, K2
100 _aSaleem Ahmad
_9155028
245 0 _aNai nazm aur pura aadmi
260 _aKarachi
_bAdbi Academy Pakistan
_c1962
650 _aURDU POETRY
942 _hO168,1:g, K2
_cTEXL
_2CC
999 _c408586
_d408586